000
00223nam a2200097Ia 4500
008
240331s9999 xx 000 0 und d
082
_b
KAR
100
_a
Karunakaramoorthy, P
245
0
_a
Oru akathi uruvakum neram
942
_c
L
999
_c
4018
_d
4018